书目信息 |
| 题名: |
论恩格斯自然辩证法
|
|
| 作者: | 凯德洛夫 | |
| 分册: | ||
| 出版信息: | 北京 三联书店 1980 |
|
| 页数: | 220 | |
| 开本: | 20cm | |
| 丛书名: | ||
| 单 册: | ||
| 中图分类: | A72 | |
| 科图分类: | ||
| 主题词: | 恩格斯--生平事迹 , 恩格斯--传记 | |
| 电子资源: | ||
| ISBN: | ||
| 000 | 00525nam0 2200193 450 | |
| 001 | 0735257515 | |
| 005 | 20070904094737.51 | |
| 010 | @d0.58 | |
| 100 | @a20070904d km y0chiy0120 ea | |
| 101 | 0 | @achi |
| 200 | 1 | @a论恩格斯自然辩证法@Alun en ge si zi ran bian zheng fa@f凯德洛夫@Fkai de luo fu |
| 210 | @a北京@c三联书店@d1980 | |
| 215 | @a220@d20cm | |
| 606 | 0 | @a恩格斯@x生平事迹 |
| 606 | 0 | @a恩格斯@x传记 |
| 690 | @aA72@v3 | |
| 701 | 0 | @a凯德洛夫@Akai de luo fu |
| 801 | 0 | @aCN@bPFT@c20070904 |
| 905 | @a213230@dA72@ea3@f1 | |
| 论恩格斯自然辩证法/凯德洛夫.-北京:三联书店,1980 |
| 220;20cm |
| ISBN :0.58 |
| ● |
| 相关链接 |
|
|
|
|
正题名:论恩格斯自然辩证法
索取号:A72/a3
 
预约/预借
| 序号 | 登录号 | 条形码 | 馆藏地/架位号 | 状态 | 备注 |
| 1 | 7500111 | 275001114 | 史法系资料室/ [索取号:A72/a3] | 在馆 |